Anuvad adhyayan : (Record no. 10309)
[ view plain ]
| 000 -LEADER | |
|---|---|
| fixed length control field | 00481cam a2200181ua 4500 |
| 008 - FIXED-LENGTH DATA ELEMENTS--GENERAL INFORMATION | |
| fixed length control field | 190921n ii |||gr||||Z||||||asm |
| 040 ## - CATALOGING SOURCE | |
| Transcribing agency | MAIN |
| 082 ## - DEWEY DECIMAL CLASSIFICATION NUMBER | |
| Classification number | 418.02 |
| 100 ## - MAIN ENTRY--PERSONAL NAME | |
| Personal name | Madan Sarma . , |
| Relator term | |
| 245 ## - TITLE STATEMENT | |
| Title | Anuvad adhyayan : |
| Remainder of title | tatva aru prayog / |
| Statement of responsibility, etc. | By Madan Sarma . |
| 250 ## - EDITION STATEMENT | |
| Edition statement | 1st ed. |
| 260 ## - PUBLICATION, DISTRIBUTION, ETC. | |
| Place of publication, distribution, etc. | Guwahati: |
| Name of publisher, distributor, etc. | bandhab, |
| Date of publication, distribution, etc. | 2017. |
| 300 ## - PHYSICAL DESCRIPTION | |
| Extent | 152p. |
| 942 ## - ADDED ENTRY ELEMENTS (KOHA) | |
| Koha item type | Books |
| 653 ## - INDEX TERM--UNCONTROLLED | |
| Uncontrolled term | Standard usage & applied linguistics |
| 653 ## - INDEX TERM--UNCONTROLLED | |
| Uncontrolled term | Translation studies |
| Withdrawn status | Lost status | Damaged status | Not for loan | Home library | Current library | Shelving location | Date acquired | Total Checkouts | Full call number | Barcode | Date last seen | Date last checked out | Copy number | Price effective from | Koha item type |
|---|---|---|---|---|---|---|---|---|---|---|---|---|---|---|---|
| Central Library, Naharkatiya College | Central Library, Naharkatiya College | General Stacks | 19/09/2020 | 2 | 418.02Assamese | SAR | 26755 | 05/08/2025 | 20/06/2025 | 1 | 19/09/2020 | Books | ||||
| Central Library, Naharkatiya College | Central Library, Naharkatiya College | General Stacks | 19/09/2020 | 4 | 418.02Assamese | SAR | 26756 | 19/11/2025 | 13/11/2025 | 2 | 19/09/2020 | Books |
